Las promesas ambiguas: ensayos sobre el criollismo colonial en Los Andes

-д хадгалсан:
Номзүйн дэлгэрэнгүй
Үндсэн зохиолч: Lavallé, Bernard (Зохиогч)
Формат: Ном
Хэл сонгох:испани
Хэвлэсэн: Lima Instituto Riva-Agüero. Pontificia Universidad Católica del Perú 1993
Хэвлэл:1a. ed
Нөхцлүүд:
Шошгууд: Шошго нэмэх
Шошго байхгүй, Энэхүү баримтыг шошголох эхний хүн болох!

MARC

LEADER 00000nam a2200000 a 4500
001 UCG2812
003 CL-VaPUC
008 100729e19930800PE |||||||||||||||||spa|d
082 0 4 |a 980.01  |b LAV  |2 21 
100 |a Lavallé, Bernard  |e author  |9 592128 
245 1 4 |a Las promesas ambiguas: ensayos sobre el criollismo colonial en Los Andes 
250 |a 1a. ed 
300 |a 224 p 
942 |c BK 
945 |d 20100729 00:00:00  |a dcastane 
260 |a Lima  |b Instituto Riva-Agüero. Pontificia Universidad Católica del Perú  |c 1993 
650 7 |a HISTORIA DE PERU SIGLOS 16-18  |2 CL-VaPUC  |9 551436 
650 0 |a Familias   |9 255641 
650 0 |a Esclavitud  |9 323605 
650 7 |a NEGROS  |2 CL-VaPUC  |9 340345 
651 0 |a Perú  |9 256567 
583 |a last modification  |c 20160901 10:42:31  |k Rodrigo Vera 
999 |c 341935  |d 341933 
952 |0 0  |1 0  |4 0  |6 980_010000000000000_LAV_1993  |7 0  |8 X  |9 437793  |a FDOBUD  |b FDOBUD  |d 2019-11-22  |i 4687256  |o 980.01 LAV 1993  |p 4687256  |r 2019-11-22  |w 2019-11-22  |y BK_X  |k BUD